00245nam a2200097Ia 4500082001200000100001600012245007500028250002500103260000900128300001000137 aTS.0872 aSoni, Jyoti 0aRajnandgaon riyasat me mazdoor andolan: Ek atihasik anusilan 1919-1947 aPt. Ravi Shankar Shu c1996 a252p.